000 00922njm a2200277Ia 4500
001 25973
003 IT-RoPAU
005 20220918181137.0
008 131025s9999 xx 000 0 und d
040 _aIT-RoPAU
040 _cIT-RoPAU
999 _c100962
_d100962
999 _bNO
100 _aSchubert Franz
_94075
100 _eAutore musica
_915101
100 _gCodice autore musica SPICS: 10690
_94077
245 _aSinfonia n 5 in si bemolle mag D 485-Tre marce per pf
250 _a1a ed.
260 _aROMA
260 _bSPICS RECORDS
_c1985 [1a Ed.:1966]
300 _aMUSICASSETTA
300 _c40 minuti (Testo: pag.)
500 _aMusica classica, sinfonica
505 _aSinfonia n 5 in si bemolle mag D 485 - Marcia per pf a 4 mani - Marcia militare in re mag op 51 n 1 D 733 - Marcia caratteristica in do mag op 121 n 1 D 886
650 _aSINFONICA [CASSETTE]
_eCodice MATERIA SPICS: 9951
_91385
942 _cMC
_2ddc